[Event "UZB-ch (Women)"]
[Site "Tashkent"]
[Date "2020.09.21"]
[Round "6"]
[White "Yakubbaeva, Nilufar"]
[Black "Baymuratova, Sevara"]
[Result "1/2-1/2"]
[WhiteElo "2265"]
[BlackElo "2153"]
[PlyCount "48"]
[EventDate "2020.03.11"]
[EventType "tourn"]
[EventRounds "9"]
[EventCountry "UZB"]
[SourceTitle "EXT 2021"]
[Source "ChessBase"]
[SourceDate "2020.10.23"]
[SourceVersion "1"]
[SourceVersionDate "2020.10.23"]
[SourceQuality "1"]

1. d4 d5 2. c4 e6 3. Nf3 Nf6 4. e3 Nbd7 5. b3 Bb4+ 6. Nbd2 Qe7 7. a3 Bc3 8. Ra2 dxc4 9. Bxc4 e5 10. dxe5 Nxe5 11. Be2 Bf5 12. Nxe5 Qxe5 13. 0-0 Rd8 14. b4 0-0 15. Qb3 Be6 16. Bc4 Ng4 17. Nf3 Bxc4 18. Qxc4 Qd5 19. Qxd5 Rxd5 20. Rc2 Rd3 21. Ne1 Bxe1 22. Rxe1 c6 23. Bb2 Rfd8 24. h3 Nh6 1/2-1/2

[Event "Online Olym Div Top-A"]
[Site "Chess.com INT"]
[Date "2020.08.23"]
[Round "7.4"]
[White "Batchimeg, Tuvshintugs"]
[Black "Baymuratova, Sevara"]
[Result "1-0"]
[WhiteElo "2356"]
[BlackElo "2153"]
[PlyCount "75"]
[EventDate "2020.08.21"]
[EventType "tourn (rapid)"]
[EventRounds "9"]
[EventCountry "USA"]
[SourceTitle "CBM 198"]
[Source "ChessBase"]
[SourceDate "2020.10.31"]
[SourceVersion "1"]
[SourceVersionDate "2020.10.31"]
[SourceQuality "1"]
[WhiteTeam "Mongolia"]
[BlackTeam "Uzbekistan"]
[WhiteTeamCountry "MGL"]
[BlackTeamCountry "UZB"]

1. d4 d5 2. c4 c6 3. Nf3 Nf6 4. e3 e6 5. Nbd2 Nbd7 6. b3 Be7 7. Bb2 0-0 8. Bd3 Qa5 9. 0-0 Ba3 10. Bxa3 Qxa3 11. Qc2 Qd6 12. Rad1 b6 13. e4 dxe4 14. Nxe4 Nxe4 15. Bxe4 Nf6 16. c5 bxc5 17. dxc5 Qc7 18. Rd6 Bb7 19. Rfd1 Rad8 20. h3 h6 21. Ne5 Nd5 22. Nc4 Ba6 23. Bxd5 exd5 24. Rxd8 Rxd8 25. Nd6 Bc8 26. Qc3 Be6 27. Re1 a5 28. f4 Rb8 29. f5 d4 30. Qxd4 Rb4 31. Qe5 Bd5 32. f6 Qa7 33. Rc1 a4 34. Nc8 Qd7 35. Ne7+ Kh7 36. fxg7 f6 37. Qxf6 Re4 38. Qg6# 1-0

[Event "Online Olym Div Top-A"]
[Site "Chess.com INT"]
[Date "2020.08.23"]
[Round "9.4"]
[White "Schulze, Lara"]
[Black "Baymuratova, Sevara"]
[Result "0-1"]
[WhiteElo "2314"]
[BlackElo "2153"]
[PlyCount "110"]
[EventDate "2020.08.21"]
[EventType "tourn (rapid)"]
[EventRounds "9"]
[EventCountry "USA"]
[SourceTitle "CBM 198"]
[Source "ChessBase"]
[SourceDate "2020.10.31"]
[SourceVersion "1"]
[SourceVersionDate "2020.10.31"]
[SourceQuality "1"]
[WhiteTeam "Germany"]
[BlackTeam "Uzbekistan"]
[WhiteTeamCountry "GER"]
[BlackTeamCountry "UZB"]

1. e4 c5 2. Nc3 Nc6 3. Nf3 d6 4. d4 cxd4 5. Nxd4 Nf6 6. f3 e5 7. Nb3 Be7 8. Be3 0-0 9. Qd2 a5 10. Bb5 Be6 11. Nd5 Bxd5 12. exd5 Nb4 13. c4 b6 14. 0-0 Na6 15. Bc6 Rb8 16. Nc1 Nc5 17. b3 Nh5 18. a3 f5 19. b4 axb4 20. axb4 Nd7 21. Ne2 f4 22. Bf2 Kh8 23. Nc3 Ndf6 24. Rfd1 g6 25. c5 bxc5 26. bxc5 Ng7 27. Nb5 Nf5 28. Ra7 e4 29. fxe4 Nxe4 30. Qd4+ Nxd4 31. Bxd4+ Bf6 32. Rd7 Bxd4+ 33. Rxd4 Qa5 34. Rxe4 Rxb5 35. Bxb5 Qxb5 36. Ree7 Qxc5+ 37. Kf1 Qc1+ 38. Kf2 Qc2+ 39. Kf1 g5 40. Rc7 Qd3+ 41. Kf2 f3 42. gxf3 Rxf3+ 43. Kg2 Rf8 44. h3 Qxd5+ 45. Kg3 Qf3+ 46. Kh2 Qf2+ 47. Kh1 Qf1+ 48. Kh2 Qf4+ 49. Kh1 Qf5 50. Kh2 Rb8 51. Re2 d5 52. Rc5 Qf4+ 53. Kg2 d4 54. Rf2 Qe4+ 55. Kh2 d3 0-1

[Event "Online Olym Div Top-A"]
[Site "Chess.com INT"]
[Date "2020.08.22"]
[Round "4.4"]
[White "Baymuratova, Sevara"]
[Black "Nguyen, Thi Mai Hung"]
[Result "1/2-1/2"]
[WhiteElo "2153"]
[BlackElo "2258"]
[PlyCount "122"]
[EventDate "2020.08.21"]
[EventType "tourn (rapid)"]
[EventRounds "9"]
[EventCountry "USA"]
[SourceTitle "CBM 198"]
[Source "ChessBase"]
[SourceDate "2020.10.31"]
[SourceVersion "1"]
[SourceVersionDate "2020.10.31"]
[SourceQuality "1"]
[WhiteTeam "Uzbekistan"]
[BlackTeam "Vietnam"]
[WhiteTeamCountry "UZB"]
[BlackTeamCountry "VIE"]

1. d4 d5 2. Nf3 Nf6 3. c4 c6 4. Nc3 e6 5. e3 Nbd7 6. Qc2 Bd6 7. Bd3 0-0 8. 0-0 dxc4 9. Bxc4 b5 10. Bd3 Bb7 11. Rd1 Qe7 12. e4 e5 13. d5 a6 14. dxc6 Bxc6 15. Bg5 h6 16. Bh4 Rac8 17. a3 Nc5 18. Qe2 Nxd3 19. Rxd3 Qe6 20. Rad1 Rfd8 21. Nxe5 Qxe5 22. Bg3 Qe8 23. Rxd6 Rxd6 24. Bxd6 Nxe4 25. Nxe4 Qxe4 26. Qxe4 Bxe4 27. f3 Bf5 28. Bb4 Be6 29. Rd6 Rc1+ 30. Kf2 Rc2+ 31. Rd2 Rc6 32. Rd6 Rc2+ 33. Rd2 Rxd2+ 34. Bxd2 Kf8 35. Ke3 Ke7 36. Kd4 Kd6 37. Bb4+ Kc6 38. Bf8 g6 39. Bxh6 a5 40. Bd2 a4 41. Bb4 Bc4 42. g3 Kd7 43. Ke5 Be2 44. f4 Ke8 45. Kf6 Bg4 46. Kg5 Bh3 47. g4 Kd7 48. f5 gxf5 49. Kxf5 Ke8 50. Kf4 Kd7 51. Kg3 Bf1 52. h4 Ke6 53. Kf4 Kf6 54. Bc3+ Kg6 55. h5+ Kh7 56. Kf5 Bd3+ 57. Kf6 Be2 58. Kg5 Bd1 59. Kh4 Be2 60. g5 Bd1 61. Bf6 Be2 1/2-1/2

[Event "UZB-ch (Women)"]
[Site "Tashkent"]
[Date "2020.03.13"]
[Round "3"]
[White "Baymuratova, Sevara"]
[Black "Khegay, Yuliya"]
[Result "0-1"]
[WhiteElo "2153"]
[BlackElo "1798"]
[PlyCount "118"]
[EventDate "2020.03.11"]
[EventType "tourn"]
[EventRounds "9"]
[EventCountry "UZB"]
[SourceTitle "CBM 195 Extra"]
[Source "ChessBase"]
[SourceDate "2020.05.31"]
[SourceVersion "1"]
[SourceVersionDate "2020.05.31"]
[SourceQuality "1"]

1. c4 e5 2. g3 Nf6 3. Bg2 c6 4. d4 Bb4+ 5. Bd2 Bxd2+ 6. Qxd2 d6 7. dxe5 dxe5 8. Qc3 Qe7 9. Nd2 0-0 10. Ngf3 e4 11. Nd4 c5 12. Nc2 Nc6 13. 0-0 Bf5 14. Ne3 Bg6 15. Nb3 Rad8 16. Rfd1 b6 17. a4 a5 18. Rac1 h6 19. Bh3 Nb4 20. Rxd8 Rxd8 21. Qe1 Qe8 22. Ra1 Qe5 23. Rb1 Qe8 24. Ra1 Qe5 25. Rb1 Qe8 26. Ra1 Qe5 27. Qc1 Qh5 28. Bf1 Ng4 29. Nxg4 Qxg4 30. Nd2 Qd7 31. Nb1 e3 32. Nc3 exf2+ 33. Kxf2 Nc2 34. Ra2 Qd4+ 35. e3 Qf6+ 36. Kg1 Qe6 37. Nd5 Nb4 38. Nxb4 cxb4 39. b3 Re8 40. Re2 Qe4 41. Qd2 Qd3 42. Qb2 Rxe3 43. Rd2 Qxb3 44. Rd8+ Kh7 45. Qd4 Re6 46. Rb8 Qe3+ 47. Qxe3 Rxe3 48. Rxb6 Rc3 49. Rb5 b3 50. c5 Be4 51. Kf2 Rf3+ 52. Ke2 Rxf1 53. Rxb3 Ra1 54. Rc3 Bc6 55. Kd3 Rxa4 56. Rb3 Rb4 57. Rxb4 axb4 58. Kc4 f5 59. Kxb4 g5 0-1

[Event "Moscow op (Women) 16th"]
[Site "Moscow"]
[Date "2020.01.31"]
[Round "7"]
[White "Baymuratova, Sevara"]
[Black "Potapova, Margarita"]
[Result "0-1"]
[WhiteElo "2140"]
[BlackElo "2300"]
[PlyCount "74"]
[EventDate "2020.01.25"]
[EventType "swiss"]
[EventRounds "9"]
[EventCountry "RUS"]
[SourceTitle "CBM 194 Extra"]
[Source "ChessBase"]
[SourceDate "2020.03.31"]
[SourceVersion "1"]
[SourceVersionDate "2020.03.31"]
[SourceQuality "1"]

1. d4 Nf6 2. c4 e6 3. Nc3 Bb4 4. e3 b6 5. Bd3 Bb7 6. Nf3 Bxc3+ 7. bxc3 Ne4 8. 0-0 f5 9. Qc2 0-0 10. Rb1 d6 11. Ne1 c5 12. f3 Nf6 13. d5 exd5 14. cxd5 Bxd5 15. c4 Bf7 16. Bxf5 Nc6 17. a3 Qe7 18. Nd3 Na5 19. Nb2 d5 20. cxd5 Bxd5 21. e4 Ba2 22. Ra1 Be6 23. Bxe6+ Qxe6 24. Be3 Rac8 25. Rad1 Rfe8 26. Bd2 Nc6 27. Bc3 b5 28. Nd3 Qc4 29. Qb2 Re6 30. Rf2 Qa4 31. Rfd2 Na5 32. Ne5 Nb3 33. Rd3 c4 34. Rd6 Nc5 35. Nc6 Rxc6 36. Rxc6 Rxc6 37. Bxf6 gxf6 0-1

[Event "Moscow op (Women) 16th"]
[Site "Moscow"]
[Date "2020.01.28"]
[Round "4"]
[White "Kovanova, Baira"]
[Black "Baymuratova, Sevara"]
[Result "1-0"]
[WhiteElo "2335"]
[BlackElo "2140"]
[PlyCount "65"]
[EventDate "2020.01.25"]
[EventType "swiss"]
[EventRounds "9"]
[EventCountry "RUS"]
[SourceTitle "CBM 194 Extra"]
[Source "ChessBase"]
[SourceDate "2020.03.31"]
[SourceVersion "1"]
[SourceVersionDate "2020.03.31"]
[SourceQuality "1"]

1. e4 c5 2. Nf3 d6 3. d4 cxd4 4. Nxd4 Nf6 5. Nc3 a6 6. Be2 e5 7. Nb3 Be7 8. 0-0 0-0 9. Be3 Be6 10. a4 Nc6 11. Qd2 Rc8 12. Rfd1 Nb4 13. Bf3 Qc7 14. a5 Nc6 15. Bb6 Qb8 16. Nd5 Bxd5 17. exd5 Na7 18. Qe3 Nb5 19. Rac1 Nd7 20. c4 Nc7 21. c5 Nxb6 22. axb6 Na8 23. Na5 Rxc5 24. Rxc5 dxc5 25. Nxb7 Nxb6 26. d6 Bf6 27. Qxc5 Na4 28. Qc2 Nxb2 29. Rc1 Qe8 30. Bc6 Qe6 31. Qxb2 e4 32. Qe2 e3 33. Qxe3 1-0

[Event "SCO op"]
[Site "Qingdao"]
[Date "2019.09.21"]
[Round "3"]
[White "Baymuratova, Sevara"]
[Black "Darini, Pouria"]
[Result "0-1"]
[WhiteElo "2126"]
[BlackElo "2428"]
[PlyCount "94"]
[EventDate "2019.09.19"]
[EventType "swiss"]
[EventRounds "9"]
[EventCountry "CHN"]
[SourceTitle "EXT 2020"]
[Source "ChessBase"]
[SourceDate "2019.10.17"]
[SourceVersion "1"]
[SourceVersionDate "2019.10.17"]
[SourceQuality "1"]

1. d4 Nf6 2. c4 g6 3. g3 c6 4. Bg2 d5 5. cxd5 cxd5 6. Nf3 Bg7 7. 0-0 0-0 8. Nc3 Ne4 9. Nxe4 dxe4 10. Ng5 Qxd4 11. Nxe4 Nc6 12. Nc3 Qg4 13. Be3 Be6 14. Qd3 Qh5 15. Rfd1 Rad8 16. Qc2 Qa5 17. a3 Nd4 18. Qe4 Nb3 19. Rxd8 Rxd8 20. Rf1 Rd7 21. Qb4 b6 22. h4 Qxb4 23. axb4 Nd2 24. Ra1 Nc4 25. Bc1 Bxc3 26. bxc3 Rd1+ 27. Kh2 h5 28. Be4 Bf5 29. Bc6 Re1 30. Bb5 Be4 31. f3 Rxe2+ 32. Kg1 Bd5 33. Bf4 Rc2 34. Rxa7 Nd6 35. Bf1 Nf5 36. Rc7 Bxf3 37. c4 Be2 38. c5 Bxf1 39. Kxf1 bxc5 40. bxc5 f6 41. Ke1 Kf7 42. Kd1 Rc4 43. c6 Nd4 44. Bd6 Nxc6 45. Ke2 Nd4+ 46. Kd3 Rxc7 47. Bxc7 e5 0-1

[Event "SCO Teams"]
[Site "Qingdao"]
[Date "2019.09.17"]
[Round "8.15"]
[White "Baymuratova, Sevara"]
[Black "Wen, Yang"]
[Result "0-1"]
[WhiteElo "2126"]
[BlackElo "2586"]
[PlyCount "102"]
[EventDate "2019.09.15"]
[EventType "team-tourn"]
[EventRounds "9"]
[EventCountry "CHN"]
[SourceTitle "EXT 2020"]
[Source "ChessBase"]
[SourceDate "2019.10.17"]
[SourceVersion "1"]
[SourceVersionDate "2019.10.17"]
[SourceQuality "1"]
[WhiteTeam "Uzbekistan"]
[BlackTeam "China"]
[WhiteTeamCountry "UZB"]
[BlackTeamCountry "CHN"]

1. d4 d6 2. Nf3 g6 3. c4 Bg7 4. g3 e5 5. Nc3 Nd7 6. Bg2 Ne7 7. 0-0 0-0 8. e4 exd4 9. Nxd4 Nc6 10. Nde2 a5 11. Be3 Nde5 12. b3 a4 13. h3 axb3 14. axb3 Rxa1 15. Qxa1 f5 16. f4 Nd3 17. Qd1 Ncb4 18. Bd4 Bxd4+ 19. Nxd4 c6 20. Kh2 Qf6 21. Nde2 Nc5 22. Qd2 Re8 23. Rd1 Nbd3 24. b4 Nxb4 25. Qxd6 Qxd6 26. Rxd6 fxe4 27. g4 e3 28. Nd4 Kf7 29. g5 Ke7 30. Rf6 Rd8 31. Nce2 Ne6 32. Nf3 Ng7 33. Ne5 Be6 34. Bf3 Ne8 35. Nxg6+ hxg6 36. Rxg6 Rd2 37. Kg3 Nd6 38. Rg7+ Kf8 39. Rh7 Bg8 40. Rc7 Na6 41. Rd7 Nf5+ 42. Kg4 Nh6+ 43. gxh6 Rxd7 44. f5 Bxc4 45. Nf4 Rd4 46. Kg5 Rxf4 47. Kxf4 e2 48. Bxe2 Bxe2 49. Ke5 Kg8 50. Ke6 Bc4+ 51. Ke7 b5 0-1

[Event "SCO Teams"]
[Site "Qingdao"]
[Date "2019.09.16"]
[Round "4.12"]
[White "Zarubitski, Viachaslau"]
[Black "Baymuratova, Sevara"]
[Result "1-0"]
[WhiteElo "2435"]
[BlackElo "2126"]
[PlyCount "71"]
[EventDate "2019.09.15"]
[EventType "team-tourn"]
[EventRounds "9"]
[EventCountry "CHN"]
[SourceTitle "EXT 2020"]
[Source "ChessBase"]
[SourceDate "2019.10.17"]
[SourceVersion "1"]
[SourceVersionDate "2019.10.17"]
[SourceQuality "1"]
[WhiteTeam "Belarus"]
[BlackTeam "Uzbekistan"]
[WhiteTeamCountry "BLR"]
[BlackTeamCountry "UZB"]

1. e4 c5 2. Nf3 d6 3. d4 cxd4 4. Nxd4 Nf6 5. Nc3 a6 6. Be3 e5 7. Nb3 Be6 8. Qd2 Be7 9. f4 b5 10. 0-0-0 Nbd7 11. Kb1 0-0 12. f5 Bc4 13. g4 Nxg4 14. Rg1 Nxe3 15. Qxe3 Kh8 16. Nd2 b4 17. Qg3 Bf6 18. Nxc4 bxc3 19. Qxc3 Nc5 20. Qe3 Nb7 21. Be2 Rc8 22. Rd5 Rc5 23. Rxc5 dxc5 24. Rd1 Qc7 25. Rd5 Rd8 26. Qd2 Rxd5 27. Qxd5 g6 28. Bg4 Kg7 29. c3 Na5 30. Nd6 Qd7 31. h3 g5 32. Bh5 Nc6 33. Bxf7 Ne7 34. Qe6 Qxe6 35. fxe6 Nc6 36. Ne8+ 1-0

[Event "SCO Teams"]
[Site "Qingdao"]
[Date "2019.09.15"]
[Round "1.12"]
[White "Baymuratova, Sevara"]
[Black "Murzin, Volodar"]
[Result "0-1"]
[WhiteElo "2126"]
[BlackElo "2433"]
[PlyCount "95"]
[EventDate "2019.09.15"]
[EventType "team-tourn"]
[EventRounds "9"]
[EventCountry "CHN"]
[SourceTitle "EXT 2020"]
[Source "ChessBase"]
[SourceDate "2019.10.17"]
[SourceVersion "1"]
[SourceVersionDate "2019.10.17"]
[SourceQuality "1"]
[WhiteTeam "Uzbekistan"]
[BlackTeam "Russia"]
[WhiteTeamCountry "UZB"]
[BlackTeamCountry "RUS"]

1. d4 Nf6 2. c4 g6 3. Nc3 Bg7 4. e4 0-0 5. Nf3 d6 6. Be2 Nbd7 7. 0-0 e5 8. Re1 a6 9. Bf1 Re8 10. dxe5 dxe5 11. Bg5 h6 12. Bh4 c6 13. Qc2 Qe7 14. Rad1 Nf8 15. Na4 Bg4 16. Be2 Bxf3 17. Bxf3 Ne6 18. c5 Nd4 19. Qb1 Qe6 20. Nb6 Rad8 21. Be2 g5 22. Bg3 Nxe2+ 23. Rxe2 Qxa2 24. Qc1 Rd4 25. Rxd4 exd4 26. f3 Nd5 27. Rd2 Nxb6 28. cxb6 Rd8 29. h4 d3 30. hxg5 hxg5 31. Bf2 Qb3 32. Qc5 Bf6 33. Qf5 Qe6 34. Qa5 Be7 35. Be3 g4 36. Qh5 Qg6 37. fxg4 Qxe4 38. Rf2 Qg6 39. Qe5 Qe6 40. Qf4 Rd5 41. Bd4 Bg5 42. Qb8+ Rd8 43. Qxb7 d2 44. Rf1 Rxd4 45. Qa8+ Kg7 46. b7 d1Q 47. Qa7 a5 48. Qa6 0-1

[Event "UZB-ch (Women)"]
[Site "Tashkent"]
[Date "2019.05.10"]
[Round "7"]
[White "Baymuratova, Sevara"]
[Black "Yakubbaeva, Nilufar"]
[Result "0-1"]
[WhiteElo "2119"]
[BlackElo "2134"]
[PlyCount "90"]
[EventDate "2019.05.04"]
[EventType "tourn"]
[EventRounds "9"]
[EventCountry "UZB"]
[SourceTitle "CBM 190 Extra"]
[Source "ChessBase"]
[SourceDate "2019.07.15"]
[SourceVersion "1"]
[SourceVersionDate "2019.07.15"]
[SourceQuality "1"]

1. d4 Nf6 2. Nf3 e6 3. g3 d5 4. Bg2 Be7 5. 0-0 0-0 6. c4 b6 7. Nc3 c6 8. b3 Nbd7 9. Bb2 Ba6 10. cxd5 cxd5 11. a4 Ne4 12. Nxe4 dxe4 13. Nd2 f5 14. Nc4 Rc8 15. Rc1 Nf6 16. f3 Qd5 17. fxe4 Nxe4 18. Qd3 Bg5 19. Rc2 Rf7 20. Bc1 Bf6 21. Be3 Rfc7 22. Rfc1 h6 23. Bf3 g5 24. g4 Rf8 25. Bxe4 fxe4 26. Qd2 Rfc8 27. Qc3 Bg7 28. Kg2 Qd7 29. h3 Bxc4 30. bxc4 Qxa4 31. Ra1 Rxc4 32. Qxc4 Rxc4 33. Rxa4 Rxc2 34. Kf2 Rc7 35. Bd2 a5 36. Ke3 Rc2 37. Be1 Bf6 38. Bg3 Rc3+ 39. Kf2 Bd8 40. Kg2 b5 41. Ra2 b4 42. Be5 b3 43. Ra1 Kf7 44. d5 Rc2 45. Kf1 b2 0-1

[Event "UZB-ch (Women)"]
[Site "Tashkent"]
[Date "2018.05.07"]
[Round "5"]
[White "Baymuratova, Sevara"]
[Black "Abdusattorova, Bakhora"]
[Result "0-1"]
[WhiteElo "2142"]
[BlackElo "2082"]
[PlyCount "66"]
[EventDate "2018.05.03"]
[EventType "tourn"]
[EventRounds "9"]
[EventCountry "UZB"]
[SourceTitle "CBM 184 Extra"]
[Source "ChessBase"]
[SourceDate "2018.06.28"]
[SourceVersion "1"]
[SourceVersionDate "2018.06.28"]
[SourceQuality "1"]

1. d4 d5 2. Nf3 Nf6 3. c4 e6 4. Nc3 Bb4 5. e3 0-0 6. a3 Bxc3+ 7. bxc3 c5 8. Bd3 dxc4 9. Bxc4 Qc7 10. Qd3 b6 11. 0-0 Bb7 12. Ne5 Rc8 13. f3 Nbd7 14. Nxd7 Nxd7 15. Ba2 a5 16. Rd1 Rd8 17. Bd2 Ne5 18. Qe2 Ba6 19. Qf2 cxd4 20. cxd4 Nd3 21. Qg3 Qc2 22. e4 Kh8 23. Be3 Qe2 24. Bf2 Rdc8 25. Bb3 Rc3 26. Rdb1 Rac8 27. Bd1 Qd2 28. f4 Nc1 29. Bf3 Ne2+ 30. Bxe2 Rxg3 31. Bxa6 Rc2 32. Rf1 Rb3 33. f5 exf5 0-1

[Event "Asia-chT rapid (Women) 5th"]
[Site "Ashkhabad"]
[Date "2017.09.26"]
[Round "5.2"]
[White "Hejazipour, Mitra"]
[Black "Baymuratova, Sevara"]
[Result "1/2-1/2"]
[WhiteElo "2345"]
[BlackElo "2142"]
[PlyCount "112"]
[EventDate "2017.09.25"]
[EventType "team-swiss (rapid)"]
[EventRounds "5"]
[EventCountry "TKM"]
[SourceTitle "EXT 2018"]
[Source "ChessBase"]
[SourceDate "2017.10.13"]
[SourceVersion "1"]
[SourceVersionDate "2017.10.13"]
[SourceQuality "1"]
[WhiteTeam "Iran"]
[BlackTeam "Uzbekistan"]
[WhiteTeamCountry "IRI"]
[BlackTeamCountry "UZB"]

1. d4 Nf6 2. c4 c6 3. Nf3 d5 4. e3 g6 5. Nc3 Bg7 6. Bd3 0-0 7. 0-0 dxc4 8. Bxc4 Bg4 9. Qe2 Nbd7 10. h3 Bxf3 11. Qxf3 e5 12. Rd1 Qe7 13. Bb3 Rad8 14. Bd2 Nb6 15. dxe5 Qxe5 16. e4 Qh5 17. g4 Qh4 18. Bf4 Rxd1+ 19. Rxd1 h5 20. Bd6 hxg4 21. hxg4 Re8 22. e5 Qxg4+ 23. Qxg4 Nxg4 24. f4 Bh6 25. Rf1 Ne3 26. Rf3 Nf5 27. Ne4 Kg7 28. Bc5 Nc8 29. Nd6 Ncxd6 30. exd6 Rd8 31. Bc2 Nxd6 32. Bd4+ Kg8 33. Bxa7 Nc4 34. b3 Nd2 35. Rf2 Bg7 36. Be3 Bc3 37. f5 Kg7 38. fxg6 fxg6 39. Kg2 b5 40. a3 Rd5 41. Kg3 c5 42. a4 bxa4 43. bxa4 c4 44. Rg2 Nf1+ 45. Kf2 Nxe3 46. Rxg6+ Kf7 47. Kxe3 Rd2 48. Bf5 Ra2 49. Ra6 Ke7 50. Be6 Bd2+ 51. Kd4 c3 52. Bxa2 c2 53. Rc6 c1Q 54. Rxc1 Bxc1 55. a5 Bf4 56. a6 Bb8 1/2-1/2

[Event "Asia-chT rapid (Women) 5th"]
[Site "Ashkhabad"]
[Date "2017.09.25"]
[Round "3.2"]
[White "Baymuratova, Sevara"]
[Black "Alattar, Ghayda M"]
[Result "1-0"]
[WhiteElo "2142"]
[BlackElo "1982"]
[PlyCount "103"]
[EventDate "2017.09.25"]
[EventType "team-swiss (rapid)"]
[EventRounds "5"]
[EventCountry "TKM"]
[SourceTitle "EXT 2018"]
[Source "ChessBase"]
[SourceDate "2017.10.13"]
[SourceVersion "1"]
[SourceVersionDate "2017.10.13"]
[SourceQuality "1"]
[WhiteTeam "Uzbekistan"]
[BlackTeam "Jordan"]
[WhiteTeamCountry "UZB"]
[BlackTeamCountry "JOR"]

1. d4 Nf6 2. c4 c5 3. d5 e5 4. Nc3 d6 5. g3 Be7 6. Bg2 0-0 7. Nf3 Ne8 8. 0-0 f5 9. e4 a6 10. exf5 Bxf5 11. h3 Nd7 12. Be3 Rb8 13. a4 Nc7 14. Qe2 b5 15. cxb5 axb5 16. axb5 Nb6 17. Rfd1 Ra8 18. Rxa8 Qxa8 19. Nxe5 Qe8 20. Nc4 Nxc4 21. Qxc4 Na8 22. Na4 Bd7 23. Bf1 Qh5 24. g4 Qe5 25. Nc3 Bh4 26. Qe4 Qf6 27. Qc2 Nb6 28. Rd2 h5 29. Ne4 Qe7 30. Be2 hxg4 31. hxg4 Be8 32. Nxc5 dxc5 33. Bxc5 Bxf2+ 34. Bxf2 Qd6 35. Qc5 Qf4 36. Qe3 Qb4 37. Rd1 Nc4 38. Qc3 Qxc3 39. bxc3 Bxb5 40. Rb1 Ba6 41. Rb4 Rc8 42. Bd4 Kf7 43. Kf2 g5 44. Bd3 Ke7 45. Ra4 Bb5 46. Ra7+ Kd6 47. Rg7 Rf8+ 48. Kg3 Kxd5 49. Rxg5+ Kc6 50. Rc5+ Kd6 51. Rxb5 Nd2 52. Bc5+ 1-0

[Event "Tashkent zt 3.4 (Women)"]
[Site "Tashkent"]
[Date "2017.06.22"]
[Round "7"]
[White "Baymuratova, Sevara"]
[Black "Kurbonboeva, Sarvinoz"]
[Result "0-1"]
[WhiteElo "2118"]
[BlackElo "2209"]
[PlyCount "82"]
[EventDate "2017.06.16"]
[EventType "swiss"]
[EventRounds "9"]
[EventCountry "UZB"]
[SourceTitle "CBM 179 Extra"]
[Source "ChessBase"]
[SourceDate "2017.08.23"]
[SourceVersion "1"]
[SourceVersionDate "2017.08.23"]
[SourceQuality "1"]

1. d4 d5 2. c4 e6 3. Nc3 c6 4. e3 Nf6 5. Nf3 Nbd7 6. Bd3 dxc4 7. Bxc4 b5 8. Bd3 Bd6 9. 0-0 0-0 10. Qc2 Bb7 11. e4 e5 12. Ne2 Re8 13. Bg5 h6 14. Bh4 Qb6 15. dxe5 Bxe5 16. Nxe5 Rxe5 17. Nc3 a6 18. Kh1 c5 19. f3 Rc8 20. Rfd1 c4 21. Bf1 Ree8 22. Bf2 Qe6 23. Rd4 Ne5 24. Rad1 Nh5 25. Be3 Qe7 26. Nd5 Bxd5 27. Rxd5 Nf6 28. R5d2 Red8 29. a4 Rxd2 30. Rxd2 b4 31. Bd4 Nfd7 32. f4 c3 33. bxc3 Ng6 34. Bxa6 Ra8 35. Bb5 Nf6 36. e5 Nd5 37. Bc6 Rd8 38. g3 bxc3 39. Bxc3 Qc5 40. Rxd5 Qxc6 41. Kg1 Qxd5 0-1

[Event "UZB-ch (Women)"]
[Site "Tashkent"]
[Date "2017.06.02"]
[Round "6"]
[White "Baymuratova, Sevara"]
[Black "Yakubbaeva, Nilufar"]
[Result "1-0"]
[WhiteElo "2118"]
[BlackElo "2058"]
[PlyCount "145"]
[EventDate "2017.05.28"]
[EventType "tourn"]
[EventRounds "9"]
[EventCountry "UZB"]
[SourceTitle "EXT 2018"]
[Source "ChessBase"]
[SourceDate "2017.10.13"]
[SourceVersion "1"]
[SourceVersionDate "2017.10.13"]
[SourceQuality "1"]

1. d4 f5 2. g3 e6 3. Bg2 d5 4. Nf3 Bd6 5. 0-0 Nf6 6. b3 Qe7 7. a4 a5 8. Ba3 Bxa3 9. Nxa3 0-0 10. c4 c6 11. Qc2 Na6 12. Qb2 Bd7 13. Ne5 Be8 14. Nc2 Bh5 15. Ne1 Nd7 16. N1d3 Nxe5 17. Nxe5 f4 18. Rac1 Nb4 19. Qd2 g5 20. Rc3 Rad8 21. c5 Qf6 22. g4 Bg6 23. h4 h6 24. Rh3 Kg7 25. Bf3 Rh8 26. Kg2 Rh7 27. Rfh1 Rdh8 28. h5 Bc2 29. Qc3 Rd8 30. Rc1 Be4 31. Qd2 Rhh8 32. Rhh1 Bh7 33. Rc3 Rhf8 34. Rhc1 Qe7 35. Kh3 Rf6 36. Bg2 Rdf8 37. Rf1 Qc7 38. Rcc1 Qe7 39. Kh2 Qc7 40. Kg1 Qe7 41. Rc3 Qc7 42. e3 f3 43. Bh3 Be4 44. Rfc1 Kg8 45. Bf1 Qh7 46. Rd1 Rd8 47. Kh2 Qc7 48. Kh3 Re8 49. Bd3 Bxd3 50. Nxd3 Nxd3 51. Qxd3 e5 52. dxe5 Rxe5 53. Qc2 Re4 54. Rd4 Rfe6 55. Qd1 Qf7 56. Rcd3 R4e5 57. Kg3 Rf6 58. Kh3 Qg7 59. Qc2 Qf7 60. Qd2 Rfe6 61. b4 axb4 62. Rxb4 Re4 63. Rxe4 Rxe4 64. Rd4 Qe6 65. Rxe4 dxe4 66. Qd8+ Kf7 67. Qh8 Qc4 68. Qh7+ Ke8 69. Kg3 Kd8 70. Qxh6 Qf1 71. Qxg5+ Kc8 72. Qh4 Kd7 73. g5 1-0

[Event "UZB-ch (Women)"]
[Site "Tashkent"]
[Date "2017.05.31"]
[Round "4"]
[White "Kurbonboeva, Sarvinoz"]
[Black "Baymuratova, Sevara"]
[Result "1/2-1/2"]
[WhiteElo "2199"]
[BlackElo "2118"]
[PlyCount "75"]
[EventDate "2017.05.28"]
[EventType "tourn"]
[EventRounds "9"]
[EventCountry "UZB"]
[SourceTitle "EXT 2018"]
[Source "ChessBase"]
[SourceDate "2017.10.13"]
[SourceVersion "1"]
[SourceVersionDate "2017.10.13"]
[SourceQuality "1"]

1. d4 d5 2. c4 c6 3. Nc3 Nf6 4. e3 e6 5. Nf3 Nbd7 6. Bd3 Bd6 7. 0-0 dxc4 8. Bxc4 0-0 9. e4 b5 10. Bd3 e5 11. d5 cxd5 12. Nxd5 a6 13. Bg5 Bb7 14. Qe2 h6 15. Bh4 Bxd5 16. exd5 Qb6 17. Bc2 Rfe8 18. Rad1 Rac8 19. Bf5 Rc5 20. Nd2 Qc7 21. Ne4 Nxe4 22. Bxe4 Rc4 23. b3 Rc3 24. f3 Nc5 25. Bb1 e4 26. Be1 Bxh2+ 27. Kh1 b4 28. Bxc3 bxc3 29. fxe4 Be5 30. Rf3 Nb7 31. Bc2 a5 32. Qb5 Qd6 33. Qc6 Qe7 34. Rdf1 Rf8 35. Qa6 Qh4+ 36. Rh3 Qg5 37. Qc4 Rb8 38. Qa4 1/2-1/2